00593nam a22002057a 450000500170000001000130001702000220003003500130005203700160006504000120008108200150009310000270010824500820013526000440021727000190026130000210028050000410030165000270034265000180036920170124105941.0 aB-089718 c00.00a8182560500 aB-089718 bCen Lib/Ret aDPLbEN a239.1bDUB aDubin, Hector Esponda  aLiving meditaton :cby Hector Esponda Dubinba journey beyond body and mind / aPunjabbRadha Soami Satsang Beas c2004 bPunjabe143204 a168p.c21cm(pbk) aIncludes bibliographical references  aMystics xHuman being  aBody perishes